000 00522nam a2200169 i 4500
001 94516
003 ES-MaACL
005 20230906181509.0
007 t|
008 050506s1972 sp ||||1| spa d
245 0 0 _aLoteria 1771-1971. El bicentenario de la Loteria Nacional y el Colegio de San Ildefonso.
260 _aMadrid :
_bAyuntamiento de Madrid,
_c1972.
300 _a46 p. con 2 lám. ;
_c21 cm.
710 1 _aMadrid.
_bAyuntamiento
_9234069
852 _aES-MaACL
_j2087-F-38
_bR.90723
999 _c94516
_d94516